00289nam a2200133Ia 45000030006000000080041000060400015000471000018000622450026000802500011001062600009001175460012001260050017001380STCL150530s9999 xx 000 0 und d aSTCLcSTCL aSubramanian,N aProgramming for Basic aFourth c1996 aEnglish20220125170229.0